Alle Pokémon anhand von Bildern erkennen - 1001 bis 1025 - Statistiken

Allgemein
  • Dieses Quiz wurde 12 mal gespielt
  • Das Durchschnittsergebnis liegt bei 17 aus 25
Antwortstatistiken
Bildquiz Antwort % Korrekt
Donnersichel
88%
Koraidon
88%
Miraidon
88%
Baojian
75%
Dinglu
75%
Eisenblatt
75%
Eisenfels
75%
Eisenhaupt
75%
Eisenkrieger
75%
Furienblitz
75%
Keilflamme
75%
Ogerpon
75%
Sirapfel
75%
Terapagos
75%
Windewoge
75%
Fatalitcha
63%
Hydrapfel
63%
Infamomo
63%
Mortcha
63%
Yuyu
63%
Beatori
50%
Benesaru
50%
Boninu
50%
Briduradon
50%
Chongjian
38%
Keine übereinstimmenden Quizze gefunden
Verteilung der Resultate
Anzahl Personen mit jedem Resultat
Perzentil nach korrekt beantworteten Fragen
Ihre Resultats-Entwicklung
Sie haben dieses Quiz noch nicht gespielt